| 000 | 00656nam a2200253Ia 4500 | ||
|---|---|---|---|
| 003 | OSt | ||
| 005 | 20221005024243.0 | ||
| 006 | a|||||r|||| 00| 0 | ||
| 007 | ta | ||
| 008 | 221004b |||||||| |||| 00| 0 eng d | ||
| 024 | _a53849 | ||
| 037 | _cTextual | ||
| 040 |
_aCRL _cCRL _beng |
||
| 041 |
_2eng _aeng |
||
| 082 | _aTz7, M5 | ||
| 100 |
_aRich John Martin _9139785 |
||
| 245 | 0 | _aInnovations in education reformers and their critics | |
| 250 | _a4th | ||
| 260 |
_aBoston _bAllyn and Bacon _c1985 |
||
| 300 |
_a311p. _ccm. |
||
| 650 | _aEDUCATION | ||
| 942 |
_hTz7, M5 _cTEXL _2cc |
||
| 999 |
_c932574 _d932574 |
||